<?xml version="1.0" encoding="UTF-8"?>
<collection xmlns="http://www.loc.gov/MARC21/slim">
 <record>
  <leader>04135cam a2200817   4500</leader>
  <controlfield tag="001">306375273</controlfield>
  <controlfield tag="003">DE-627</controlfield>
  <controlfield tag="005">20250124012752.0</controlfield>
  <controlfield tag="007">tu</controlfield>
  <controlfield tag="008">991129s2000    xxk|||||      00| ||eng c</controlfield>
  <datafield tag="010" ind1=" " ind2=" ">
   <subfield code="a">   99055668 </subfield>
  </datafield>
  <datafield tag="016" ind1="7" ind2=" ">
   <subfield code="a">bA0X0911</subfield>
   <subfield code="2">UK</subfield>
  </datafield>
  <datafield tag="020" ind1=" " ind2=" ">
   <subfield code="a">0521662923</subfield>
   <subfield code="c">(hc)</subfield>
   <subfield code="9">0-521-66292-3</subfield>
  </datafield>
  <datafield tag="024" ind1="3" ind2=" ">
   <subfield code="a">9780521662925</subfield>
  </datafield>
  <datafield tag="035" ind1=" " ind2=" ">
   <subfield code="a">(DE-627)306375273</subfield>
  </datafield>
  <datafield tag="035" ind1=" " ind2=" ">
   <subfield code="a">(DE-576)087219093</subfield>
  </datafield>
  <datafield tag="035" ind1=" " ind2=" ">
   <subfield code="a">(DE-599)GBV306375273</subfield>
  </datafield>
  <datafield tag="035" ind1=" " ind2=" ">
   <subfield code="a">(OCoLC)231863926</subfield>
  </datafield>
  <datafield tag="035" ind1=" " ind2=" ">
   <subfield code="a">(OCoLC)42736408</subfield>
  </datafield>
  <datafield tag="035" ind1=" " ind2=" ">
   <subfield code="a">(JUB)b10239078</subfield>
  </datafield>
  <datafield tag="040" ind1=" " ind2=" ">
   <subfield code="a">DE-627</subfield>
   <subfield code="b">ger</subfield>
   <subfield code="c">DE-627</subfield>
   <subfield code="e">rakwb</subfield>
  </datafield>
  <datafield tag="041" ind1=" " ind2=" ">
   <subfield code="a">eng</subfield>
  </datafield>
  <datafield tag="044" ind1=" " ind2=" ">
   <subfield code="c">XA-GB</subfield>
   <subfield code="c">XD-US</subfield>
   <subfield code="c">XE-AU</subfield>
  </datafield>
  <datafield tag="050" ind1=" " ind2="0">
   <subfield code="a">N6923.B9</subfield>
  </datafield>
  <datafield tag="050" ind1=" " ind2="0">
   <subfield code="a">N6923.B9N34 2000</subfield>
  </datafield>
  <datafield tag="082" ind1="0" ind2=" ">
   <subfield code="a">709/.2</subfield>
  </datafield>
  <datafield tag="082" ind1="0" ind2=" ">
   <subfield code="a">709.2</subfield>
  </datafield>
  <datafield tag="084" ind1=" " ind2=" ">
   <subfield code="a">9,10</subfield>
   <subfield code="a">1</subfield>
   <subfield code="2">ssgn</subfield>
  </datafield>
  <datafield tag="084" ind1=" " ind2=" ">
   <subfield code="a">LI 59403</subfield>
   <subfield code="2">rvk</subfield>
   <subfield code="0">(DE-625)rvk/96649:13208</subfield>
  </datafield>
  <datafield tag="084" ind1=" " ind2=" ">
   <subfield code="a">20.31</subfield>
   <subfield code="2">bkl</subfield>
  </datafield>
  <datafield tag="084" ind1=" " ind2=" ">
   <subfield code="a">20.06</subfield>
   <subfield code="2">bkl</subfield>
  </datafield>
  <datafield tag="100" ind1="1" ind2=" ">
   <subfield code="a">Nagel, Alexander</subfield>
   <subfield code="d">1964-</subfield>
   <subfield code="0">(DE-588)142375861</subfield>
   <subfield code="0">(DE-627)63585452X</subfield>
   <subfield code="0">(DE-576)330396684</subfield>
   <subfield code="4">aut</subfield>
  </datafield>
  <datafield tag="245" ind1="1" ind2="0">
   <subfield code="a">Michelangelo and the reform of art</subfield>
   <subfield code="c">Alexander Nagel</subfield>
  </datafield>
  <datafield tag="250" ind1=" " ind2=" ">
   <subfield code="a">1. publ.</subfield>
  </datafield>
  <datafield tag="264" ind1=" " ind2="1">
   <subfield code="a">Cambridge [u.a.]</subfield>
   <subfield code="b">Cambridge University Press</subfield>
   <subfield code="c">2000</subfield>
  </datafield>
  <datafield tag="300" ind1=" " ind2=" ">
   <subfield code="a">XVI, 303 S</subfield>
   <subfield code="b">Ill</subfield>
   <subfield code="c">27 cm</subfield>
  </datafield>
  <datafield tag="336" ind1=" " ind2=" ">
   <subfield code="a">Text</subfield>
   <subfield code="b">txt</subfield>
   <subfield code="2">rdacontent</subfield>
  </datafield>
  <datafield tag="337" ind1=" " ind2=" ">
   <subfield code="a">ohne Hilfsmittel zu benutzen</subfield>
   <subfield code="b">n</subfield>
   <subfield code="2">rdamedia</subfield>
  </datafield>
  <datafield tag="338" ind1=" " ind2=" ">
   <subfield code="a">Band</subfield>
   <subfield code="b">nc</subfield>
   <subfield code="2">rdacarrier</subfield>
  </datafield>
  <datafield tag="500" ind1=" " ind2=" ">
   <subfield code="a">Includes bibliographical references (p. 216-292) and index</subfield>
  </datafield>
  <datafield tag="583" ind1="1" ind2=" ">
   <subfield code="a">Archivierung/Langzeitarchivierung gewährleistet</subfield>
   <subfield code="f">SSG</subfield>
   <subfield code="x">XA-DE-BW</subfield>
   <subfield code="2">pdager</subfield>
   <subfield code="5">DE-16</subfield>
  </datafield>
  <datafield tag="583" ind1="1" ind2=" ">
   <subfield code="a">Archivierung prüfen</subfield>
   <subfield code="c">20240324</subfield>
   <subfield code="f">DE-4165</subfield>
   <subfield code="z">3</subfield>
   <subfield code="2">pdager</subfield>
  </datafield>
  <datafield tag="600" ind1="1" ind2="0">
   <subfield code="a">Michelangelo Buonarroti</subfield>
  </datafield>
  <datafield tag="600" ind1="1" ind2="0">
   <subfield code="a">Jesus Christ</subfield>
  </datafield>
  <datafield tag="600" ind1="1" ind2="0">
   <subfield code="a">Michelangelo Buonarroti</subfield>
   <subfield code="d">1475-1564</subfield>
   <subfield code="x">Contributions in Christian art</subfield>
  </datafield>
  <datafield tag="600" ind1="1" ind2="0">
   <subfield code="a">Jesus Christ</subfield>
   <subfield code="v">Art</subfield>
  </datafield>
  <datafield tag="653" ind1=" " ind2="0">
   <subfield code="a">Jesus Christ</subfield>
   <subfield code="a">Art</subfield>
  </datafield>
  <datafield tag="689" ind1="0" ind2="0">
   <subfield code="d">p</subfield>
   <subfield code="0">(DE-588)118582143</subfield>
   <subfield code="0">(DE-627)134581237</subfield>
   <subfield code="0">(DE-576)162231490</subfield>
   <subfield code="a">Michelangelo</subfield>
   <subfield code="c">Buonarroti</subfield>
   <subfield code="d">1475-1564</subfield>
   <subfield code="2">gnd</subfield>
  </datafield>
  <datafield tag="689" ind1="0" ind2="1">
   <subfield code="d">s</subfield>
   <subfield code="0">(DE-588)4165945-4</subfield>
   <subfield code="0">(DE-627)105436399</subfield>
   <subfield code="0">(DE-576)209898895</subfield>
   <subfield code="a">Kultbild</subfield>
   <subfield code="2">gnd</subfield>
  </datafield>
  <datafield tag="689" ind1="0" ind2="2">
   <subfield code="d">s</subfield>
   <subfield code="0">(DE-588)4000626-8</subfield>
   <subfield code="0">(DE-627)106400541</subfield>
   <subfield code="0">(DE-576)208838821</subfield>
   <subfield code="a">Ästhetik</subfield>
   <subfield code="2">gnd</subfield>
  </datafield>
  <datafield tag="689" ind1="0" ind2=" ">
   <subfield code="5">(DE-627)</subfield>
  </datafield>
  <datafield tag="700" ind1="0" ind2=" ">
   <subfield code="a">Michelangelo</subfield>
   <subfield code="c">Buonarroti</subfield>
   <subfield code="d">1475-1564</subfield>
   <subfield code="0">(DE-588)118582143</subfield>
   <subfield code="0">(DE-627)134581237</subfield>
   <subfield code="0">(DE-576)162231490</subfield>
   <subfield code="4">oth</subfield>
  </datafield>
  <datafield tag="700" ind1="0" ind2=" ">
   <subfield code="8">1\p</subfield>
   <subfield code="a">Michelangelo</subfield>
   <subfield code="c">Buonarroti</subfield>
   <subfield code="d">1475-1564</subfield>
   <subfield code="0">(DE-588)118582143</subfield>
   <subfield code="0">(DE-627)134581237</subfield>
   <subfield code="0">(DE-576)162231490</subfield>
   <subfield code="4">oth</subfield>
  </datafield>
  <datafield tag="787" ind1="0" ind2="8">
   <subfield code="i">Rezension</subfield>
   <subfield code="a">Nova, Alessandro, 1954 - </subfield>
   <subfield code="t">Schriften von Alessandro Nova ; 24a: Nagel, Alexander, Michelangelo and the reform of art</subfield>
   <subfield code="d">Heidelberg : Univ.-Bibl., 2002</subfield>
   <subfield code="h">Online-Ressource</subfield>
   <subfield code="w">(DE-627)145323196X</subfield>
   <subfield code="w">(DE-576)383231965</subfield>
  </datafield>
  <datafield tag="787" ind1="0" ind2="8">
   <subfield code="i">Rezensiert in</subfield>
   <subfield code="a">Johnson, Geraldine A.</subfield>
   <subfield code="t">Michelangelo and the reform of art. By Alexander Nagel. Pp. xvi+303 incl. 105 ills. Cambridge: Cambridge University Press, 2000. £45. 0 521 66292 3</subfield>
   <subfield code="d">2002</subfield>
   <subfield code="w">(DE-627)1784685445</subfield>
  </datafield>
  <datafield tag="787" ind1="0" ind2="8">
   <subfield code="i">Rezensiert in</subfield>
   <subfield code="a">McIver, Katherine A.</subfield>
   <subfield code="t">[Rezension von: Nagel, Alexander, Michelangelo and the Reform of Art]</subfield>
   <subfield code="d">2002</subfield>
   <subfield code="w">(DE-627)1802376313</subfield>
  </datafield>
  <datafield tag="856" ind1="4" ind2="2">
   <subfield code="u">http://www.loc.gov/catdir/description/cam0210/99055668.html</subfield>
   <subfield code="x">Verlag</subfield>
   <subfield code="y">Publisher description</subfield>
  </datafield>
  <datafield tag="856" ind1="4" ind2="2">
   <subfield code="u">http://www.loc.gov/catdir/toc/cam025/99055668.html</subfield>
   <subfield code="x">Verlag</subfield>
   <subfield code="y">Table of contents</subfield>
  </datafield>
  <datafield tag="883" ind1=" " ind2=" ">
   <subfield code="8">1</subfield>
   <subfield code="a">cgwrk</subfield>
   <subfield code="d">20241001</subfield>
   <subfield code="q">DE-101</subfield>
   <subfield code="u">https://d-nb.info/provenance/plan#cgwrk</subfield>
  </datafield>
  <datafield tag="889" ind1=" " ind2=" ">
   <subfield code="w">(DE-627)334954258</subfield>
  </datafield>
  <datafield tag="935" ind1=" " ind2=" ">
   <subfield code="i">mdedup</subfield>
  </datafield>
  <datafield tag="935" ind1=" " ind2=" ">
   <subfield code="i">Blocktest</subfield>
  </datafield>
  <datafield tag="936" ind1="r" ind2="v">
   <subfield code="a">LI 59403</subfield>
   <subfield code="b">Abbildungswerke und Monographien zu einem Thema (sofern hierzu Werke des Künstlers aus zwei oder mehr Kunstgattun- gen - z.B. Plastik und Malerei - vorliegen)</subfield>
   <subfield code="k">Kunstgeschichte</subfield>
   <subfield code="k">Künstler-Monografien</subfield>
   <subfield code="k">Alphabetische Künstlerliste</subfield>
   <subfield code="k">Künstler M</subfield>
   <subfield code="k">Michelangelo Buonarroti (bis 59410)</subfield>
   <subfield code="k">Abbildungswerke und Monographien zu einem Thema (sofern hierzu Werke des Künstlers aus zwei oder mehr Kunstgattun- gen - z.B. Plastik und Malerei - vorliegen)</subfield>
   <subfield code="0">(DE-627)1270878395</subfield>
   <subfield code="0">(DE-625)rvk/96649:13208</subfield>
   <subfield code="0">(DE-576)200878395</subfield>
  </datafield>
  <datafield tag="936" ind1="b" ind2="k">
   <subfield code="a">20.31</subfield>
   <subfield code="j">Bildende Künstler</subfield>
   <subfield code="0">(DE-627)181571080</subfield>
  </datafield>
  <datafield tag="936" ind1="b" ind2="k">
   <subfield code="a">20.06</subfield>
   <subfield code="j">Kunstphilosophie</subfield>
   <subfield code="j">Kunsttheorie</subfield>
   <subfield code="0">(DE-627)10641433X</subfield>
  </datafield>
  <datafield tag="951" ind1=" " ind2=" ">
   <subfield code="a">BO</subfield>
  </datafield>
  <datafield tag="990" ind1=" " ind2=" ">
   <subfield code="a">Michelangelo &lt;Buonarroti&gt; </subfield>
  </datafield>
  <datafield tag="990" ind1=" " ind2=" ">
   <subfield code="a">Kultbild</subfield>
  </datafield>
  <datafield tag="990" ind1=" " ind2=" ">
   <subfield code="a">Ästhetik</subfield>
  </datafield>
  <datafield tag="991" ind1=" " ind2=" ">
   <subfield code="a">Rezensiertes Werk</subfield>
  </datafield>
  <datafield tag="999" ind1=" " ind2=" ">
   <subfield code="a">KXP-PPN306375273</subfield>
   <subfield code="e">4252464463</subfield>
  </datafield>
 </record>
</collection>
